Applied affective computing / (Record no. 759283)

MARC details
000 -LEADER
fixed length control field 00345nam a2200133 4500
020 ## - INTERNATIONAL STANDARD BOOK NUMBER
ISBN 9781639879472
082 ## - DEWEY DECIMAL CLASSIFICATION NUMBER
Classification number 006.37
Item number McC.A
084 ## - OTHER CLASSIFICATION NUMBER
Source of Number Colon Classification
245 ## - TITLE STATEMENT
Title Applied affective computing /
Statement of responsibility, etc McConnell, John
260 ## - PUBLICATION, DISTRIBUTION, ETC. (IMPRINT)
Place of publication New York :
Name of publisher Murphy & Moore ,
Year of publication 2025.
300 ## - PHYSICAL DESCRIPTION
Number of Pages 223p.
942 ## - ADDED ENTRY ELEMENTS (KOHA)
Source of classification or shelving scheme Dewey Decimal Classification
Koha item type Book
Holdings
Withdrawn status Lost status Source of classification or shelving scheme Damaged status Not for loan Home Library Current Location Date acquired Full call number Accession Number Price effective from Koha item type
    Dewey Decimal Classification     Campus Library Kariavattom Campus Library Kariavattom 06/05/2026 006.37 McC.A UCL35744 06/05/2026 Book